Origins of the liberal welfare reforms 1906-1914 (Record no. 191028)

MARC details
000 -LEADER
fixed length control field 00385nam a2200157Ia 4500
008 - FIXED-LENGTH DATA ELEMENTS--GENERAL INFORMATION
fixed length control field 230917s9999||||xx |||||||||||||| ||und||
020 ## - ISBN
Price PON0.85
040 ## - CATALOGING SOURCE
-- 12770
Original cataloging agency VIVEKANANDA LIBRARY
041 ## - Language
-- English
082 ## - DDC NUMBER
Classification number 330.9 H332O
100 ## - MAIN ENTRY--PERSONAL NAME
Personal name Hay, J R
245 #0 - TITLE STATEMENT
Title Origins of the liberal welfare reforms 1906-1914
260 ## - PUBLICATION, DISTRIBUTION, ETC. (IMPRINT)
Place of publication, distribution, etc London
Name of publisher, distributor, etc Macmillan
Date of publication, distribution, etc 1975
300 ## - PHYSICAL DESCRIPTION
Pages 78 p.
942 ## - ADDED ENTRY ELEMENTS (KOHA)
Koha item type Books
Holdings
Withdrawn status Lost status Damaged status Not for loan Location (home branch) Sublocation or collection (holding branch) Date acquired Koha issues (times borrowed) Koha full call number Accession No. Koha date last seen Koha item type
        VIVEKANANDA LIBRARY VIVEKANANDA LIBRARY 08/08/2002   330.9 H332O 48299 17/09/2023 Books
© Designed and Maintained by Vivekananda Library, MDU Rohtak